[Event "Bremen - Solingen"]
[Site "BL 0203"]
[Date "2002.12.15"]
[Round "6.2"]
[White "Babula, Vlastimil"]
[Black "Jussupow, Artur"]
[Result "1/2-1/2"]
[WhiteElo "2590"]
[BlackElo "2618"]
[PlyCount "33"]
[EventDate "2002.??.??"]

1. d4 Nf6 2. c4 e6 3. Nc3 Bb4 4. e3 O-O 5. Bd3 d5 6. Nf3 c5 7. O-O Nc6 8. a3
Ba5 9. cxd5 exd5 10. dxc5 Bxc3 11. bxc3 Bg4 12. c4 Ne5 13. cxd5 Bxf3 14. gxf3
Qxd5 15. Be2 Qxc5 16. Bb2 Rad8 17. Qc1 1/2-1/2

[Event "Bremen - Solingen"]
[Site "BL 0203"]
[Date "2002.12.15"]
[Round "6.3"]
[White "Sadler, Matthew"]
[Black "Schandorff, Lars"]
[Result "1-0"]
[WhiteElo "2624"]
[BlackElo "2546"]
[PlyCount "91"]
[EventDate "2002.??.??"]

1. d4 Nf6 2. c4 e6 3. Nc3 Bb4 4. e3 O-O 5. Bd3 c5 6. Nf3 d5 7. O-O cxd4 8. exd4
dxc4 9. Bxc4 b6 10. Qe2 Bb7 11. Bf4 Nc6 12. Rfd1 Ne7 13. Rac1 Ng6 14. Bg3 Nd5
15. Nxd5 Bxd5 16. a3 Bxf3 17. Qxf3 Bd6 18. Qb7 Bf4 19. Bxf4 Nxf4 20. g3 Nd5 21.
Bxd5 Qxd5 22. Qxd5 exd5 23. Rc7 Rfe8 24. Kf1 Kf8 25. Rdc1 Re7 26. Rxe7 Kxe7 27.
Rc7+ Ke6 28. Ke2 h5 29. h4 g6 30. Kf3 f6 31. Kf4 Rg8 32. Rxa7 g5+ 33. Kf3 gxh4
34. gxh4 Rg4 35. Rb7 Rxd4 36. Rxb6+ Ke5 37. Rb4 Rd1 38. a4 Ra1 39. Ke3 f5 40.
b3 Kd6 41. a5 Ke5 42. Ra4 Rb1 43. a6 Rxb3+ 44. Kd2 Rb8 45. a7 Ra8 46. Kd3 1-0

[Event "Bremen - Solingen"]
[Site "BL 0203"]
[Date "2002.12.15"]
[Round "6.4"]
[White "Pelletier, Yannick"]
[Black "Werle, Jan"]
[Result "1/2-1/2"]
[WhiteElo "2587"]
[BlackElo "2443"]
[PlyCount "96"]
[EventDate "2002.??.??"]

1. Nf3 Nf6 2. c4 b6 3. g3 Bb7 4. Bg2 e6 5. O-O Be7 6. Nc3 O-O 7. Re1 d5 8. cxd5
exd5 9. d4 Na6 10. Bf4 c5 11. Rc1 Ne4 12. dxc5 Naxc5 13. Nb5 Ne6 14. Be3 Bc5
15. Nbd4 Qf6 16. Qa4 Nxd4 17. Bxd4 Qf5 18. Rf1 a5 19. Bxc5 Nxc5 20. Qf4 Qxf4
21. gxf4 Ne6 22. e3 Rac8 23. Ne5 Rxc1 24. Rxc1 Nc5 25. b3 f6 26. Nf3 Rc8 27.
Nd4 Ne4 28. Rxc8+ Bxc8 29. Kf1 Kf7 30. Ke2 Ke7 31. Bxe4 dxe4 32. Kd2 Kd6 33. a3
Kc5 34. Kc3 Bd7 35. Ne2 g6 36. Ng3 Kd5 37. Ne2 g5 38. Ng3 Bg4 39. Nf1 h5 40.
Nd2 gxf4 41. Nc4 fxe3 42. fxe3 b5 43. Nxa5 Bd7 44. b4 f5 45. Nb3 Ke5 46. Kd2 h4
47. Nd4 f4 48. Ne2 f3 1/2-1/2

[Event "Bremen - Solingen"]
[Site "BL 0203"]
[Date "2002.12.15"]
[Round "6.5"]
[White "Chandler, Murray G"]
[Black "Knaak, Rainer"]
[Result "1/2-1/2"]
[WhiteElo "2517"]
[BlackElo "2471"]
[PlyCount "59"]
[EventDate "2002.??.??"]

1. e4 e6 2. Nf3 d5 3. Nc3 Nf6 4. e5 Nfd7 5. d4 c5 6. dxc5 Nc6 7. Bf4 Bxc5 8.
Bd3 f6 9. exf6 Nxf6 10. O-O O-O 11. Ne5 Bd7 12. Qe2 Nxe5 13. Bxe5 Qb6 14. Kh1
Bd6 15. f4 g6 16. Rae1 Bxe5 17. fxe5 Nh5 18. Qg4 Rxf1+ 19. Rxf1 Rf8 20. Rxf8+
Kxf8 21. Nd1 Qa5 22. c3 Qxa2 23. Qb4+ Ke8 24. Bb5 Bxb5 25. Qxb5+ Kf8 26. g4 Ng7
27. Qc5+ Kf7 28. Qc7+ Kf8 29. Qd6+ Kf7 30. Qd7+ 1/2-1/2

[Event "Bremen - Solingen"]
[Site "BL 0203"]
[Date "2002.12.15"]
[Round "6.6"]
[White "Joachim, Sven"]
[Black "Hoffmann, Michael"]
[Result "1/2-1/2"]
[WhiteElo "2471"]
[BlackElo "2413"]
[PlyCount "51"]
[EventDate "2002.??.??"]

1. e4 c5 2. Nf3 Nc6 3. Bb5 e6 4. O-O Nge7 5. Re1 a6 6. Bf1 d5 7. exd5 Nxd5 8.
d4 Be7 9. dxc5 O-O 10. c4 Nf6 11. a3 Bxc5 12. b4 Be7 13. Qxd8 Rxd8 14. Nc3 Bd7
15. Be3 Be8 16. Na4 Nd4 17. Bxd4 Bxa4 18. Bb6 Rdc8 19. Ne5 Nd7 20. Nxd7 Bxd7
21. g3 Kf8 22. c5 Bd8 23. Bxd8 Rxd8 24. Bg2 Bc6 25. Rad1 Ke7 26. h4 1/2-1/2

[Event "Bremen - Solingen"]
[Site "BL 0203"]
[Date "2002.12.15"]
[Round "6.7"]
[White "Schaefer, Markus"]
[Black "Meins, Gerlef"]
[Result "1/2-1/2"]
[WhiteElo "2385"]
[BlackElo "2436"]
[PlyCount "96"]
[EventDate "2002.??.??"]

1. e4 c5 2. Nf3 Nc6 3. d4 cxd4 4. Nxd4 Nf6 5. Nc3 d6 6. f4 e5 7. Nf3 Be7 8. Bd3
O-O 9. O-O exf4 10. Bxf4 Qb6+ 11. Kh1 Qxb2 12. Nb5 Ne8 13. e5 dxe5 14. Bd2 a6
15. Bc3 Qxa1 16. Bxa1 axb5 17. Nxe5 Nxe5 18. Bxe5 Rxa2 19. Bxb5 Be6 20. Bd3 Nf6
21. Qf3 Ng4 22. Bd4 Ra4 23. c3 Bf6 24. Bc2 Ra2 25. Bb1 Ra5 26. Qe4 Rh5 27. h3
Bxd4 28. Qxd4 Nf6 29. Kh2 Rc8 30. Bc2 Rd5 31. Qe3 Rdc5 32. Rd1 Nd5 33. Qd4 Rc4
34. Qe5 Nxc3 35. Rd4 Rxd4 36. Qxd4 Nd5 37. Bb3 Rd8 38. Qe5 g6 39. Bc4 h5 40.
Kg3 Rd7 41. Kh2 Kh7 42. Bb5 Rd8 43. Be2 Ne7 44. Bf3 Rd7 45. Qb8 Nc6 46. Qa8 Nd8
47. Qa5 Nc6 48. Qb6 Kg7 1/2-1/2

[Event "Bremen - Solingen"]
[Site "BL 0203"]
[Date "2002.12.15"]
[Round "6.8"]
[White "Heissler, Jacob"]
[Black "Schneider, Bernd"]
[Result "1-0"]
[WhiteElo "2455"]
[BlackElo "2424"]
[PlyCount "71"]
[EventDate "2002.??.??"]

1. e4 g6 2. d4 Bg7 3. Nf3 d6 4. c3 Nf6 5. Nbd2 O-O 6. Be2 Nbd7 7. O-O e5 8. Re1
Re8 9. Bf1 b6 10. a4 Bb7 11. d5 c6 12. Nc4 Nxe4 13. Rxe4 cxd5 14. Nxd6 dxe4 15.
Ng5 Nc5 16. Bc4 Re7 17. Be3 Qd7 18. Ndxf7 Qxd1+ 19. Rxd1 Bf6 20. Nd8+ Kg7 21.
Nde6+ Nxe6 22. Nxe6+ Kh8 23. g4 Rae8 24. Rd6 Bc8 25. Ng5 Kg7 26. Nxe4 Bh4 27.
g5 Rd7 28. Nf6 Ree7 29. Nxd7 Bxd7 30. b3 Bh3 31. Bd5 Bf5 32. b4 Bd7 33. a5 bxa5
34. bxa5 Bb5 35. c4 Ba4 36. Ra6 1-0

[Event "Emsdetten - Bremen"]
[Site "BL 0203"]
[Date "2002.11.15"]
[Round "7.1"]
[White "Hracek, Zbynek"]
[Black "Vallejo Pons, Francisco"]
[Result "1/2-1/2"]
[WhiteElo "2607"]
[BlackElo "2635"]
[PlyCount "82"]
[EventDate "2002.11.15"]

1. e4 c5 2. Nf3 e6 3. d4 cxd4 4. Nxd4 a6 5. Bd3 Nf6 6. O-O d6 7. c4 Bd7 8. Nc3
Nc6 9. Nxc6 Bxc6 10. b4 b6 11. Qe2 Be7 12. Rd1 Nd7 13. Bf4 O-O 14. Rac1 Re8 15.
Bc2 Qb8 16. Ba4 Bxa4 17. Nxa4 Ra7 18. c5 bxc5 19. bxc5 e5 20. Be3 dxc5 21. Bxc5
Bxc5 22. Nxc5 Nxc5 23. Rxc5 h6 24. h4 a5 25. a4 Qb3 26. Ra1 Qb4 27. Qc2 Rb7 28.
Rd1 h5 29. Kh2 Rb6 30. Rdd5 Rf6 31. Rc8 Rfe6 32. Rb5 Qd4 33. Rbb8 Qd7 34. g3 g6
35. Kg2 Kg7 36. Rc7 Qd4 37. Rxe8 Rxe8 38. Rc4 Qa1 39. Qd2 Rb8 40. Qc3 Qxc3 41.
Rxc3 Rb4 1/2-1/2

[Event "Emsdetten - Bremen"]
[Site "BL 0203"]
[Date "2002.11.15"]
[Round "7.5"]
[White "Pelletier, Yannick"]
[Black "Pedersen, Nicolai Vesterbaek"]
[Result "0-1"]
[WhiteElo "2587"]
[BlackElo "2495"]
[PlyCount "76"]
[EventDate "2002.11.15"]

1. Nf3 Nf6 2. c4 e6 3. Nc3 Bb4 4. g3 Bxc3 5. bxc3 b6 6. Bg2 Bb7 7. O-O d6 8. d3
Nfd7 9. e4 O-O 10. Nh4 Na6 11. a4 f5 12. exf5 Bxg2 13. Nxg2 Rxf5 14. d4 Qe8 15.
Ra2 e5 16. f4 exd4 17. cxd4 Rf7 18. Qf3 Re7 19. f5 Nb4 20. Rb2 c5 21. Bf4 Re4
22. Be5 Nxe5 23. Qxe4 Nxc4 24. Qxe8+ Rxe8 25. Rbf2 cxd4 26. Nf4 d3 27. f6 gxf6
28. Nh5 Nd5 29. Rd1 Re5 30. Nf4 d2 31. Rfxd2 Nxd2 32. Rxd2 Nxf4 33. gxf4 Ra5
34. Rxd6 Rxa4 35. Rd7 a5 36. Rb7 Rb4 37. Kg2 Rb3 38. f5 a4 0-1

[Event "Emsdetten - Bremen"]
[Site "BL 0203"]
[Date "2002.11.15"]
[Round "7.6"]
[White "Zumsande, Martin"]
[Black "Gallagher, Joseph G"]
[Result "0-1"]
[WhiteElo "2374"]
[BlackElo "2540"]
[PlyCount "80"]
[EventDate "2002.11.15"]

1. e4 c5 2. c3 d5 3. exd5 Qxd5 4. d4 g6 5. Nf3 Bg7 6. Be3 cxd4 7. cxd4 Qa5+ 8.
Nc3 Nh6 9. Be2 O-O 10. O-O Ng4 11. Qb3 Nc6 12. d5 Nce5 13. Ne4 Nxe3 14. fxe3
Bf5 15. Nf2 Nxf3+ 16. Bxf3 Qb6 17. e4 Bd7 18. Rab1 Bb5 19. Rfd1 Qa6 20. Qb4
Rfe8 21. Rbc1 Be5 22. Ng4 Bf4 23. e5 Bxc1 24. Rxc1 Rac8 25. Re1 Rc4 26. Qd2
Qb6+ 27. Kh1 Qd4 28. Qh6 Qf4 29. Be2 Qxh6 30. Nxh6+ Kg7 31. Bxc4 Bxc4 32. Ng4
Bxd5 33. a3 Rc8 34. Ne3 Be6 35. Kg1 Rc5 36. Nd1 Rc2 37. g3 Rd2 38. b4 Ra2 39.
Nc3 Rxa3 40. Nb5 Rb3 0-1

[Event "Emsdetten - Bremen"]
[Site "BL 0203"]
[Date "2002.11.15"]
[Round "7.7"]
[White "Joachim, Sven"]
[Black "Richter, Christian"]
[Result "1-0"]
[WhiteElo "2471"]
[BlackElo "2333"]
[PlyCount "75"]
[EventDate "2002.11.15"]

1. e4 e5 2. Nf3 Nc6 3. Bb5 a6 4. Ba4 Nf6 5. O-O Be7 6. Re1 b5 7. Bb3 d6 8. c3
O-O 9. h3 Re8 10. Ng5 Rf8 11. Nf3 Re8 12. Ng5 Rf8 13. d4 Bb7 14. Nf3 Re8 15.
Nbd2 Bf8 16. a4 g6 17. Ng5 Re7 18. Ndf3 Qe8 19. Nxf7 Rxf7 20. Bxf7+ Qxf7 21.
Ng5 Qc4 22. d5 Na5 23. Ra3 c6 24. axb5 Qxb5 25. c4 Qxc4 26. dxc6 Bxc6 27. Rxa5
h6 28. Nf3 Nxe4 29. Be3 Qe6 30. Qd3 Bb7 31. Rc1 d5 32. Rc7 Nd6 33. Nxe5 Qxe5
34. Qxg6+ Bg7 35. Bxh6 Nf5 36. Qf7+ Kh7 37. Bxg7 Nxg7 38. Rxb7 1-0

[Event "Emsdetten - Bremen"]
[Site "BL 0203"]
[Date "2002.11.15"]
[Round "7.8"]
[White "Pedersen, Daniel Vesterbaek"]
[Black "Meins, Gerlef"]
[Result "1/2-1/2"]
[WhiteElo "2344"]
[BlackElo "2436"]
[PlyCount "34"]
[EventDate "2002.11.15"]

1. e4 c5 2. c3 d5 3. exd5 Qxd5 4. d4 Nf6 5. Nf3 Bg4 6. Be2 cxd4 7. cxd4 e6 8.
Nc3 Qa5 9. h3 Bh5 10. Qb3 Qb4 11. Bb5+ Nbd7 12. Ne5 a6 13. Nxd7 axb5 14. Nxf6+
gxf6 15. Qxb4 Bxb4 16. Bd2 Bxc3 17. Bxc3 Rg8 1/2-1/2

[Event "Forchheim - Tegernsee"]
[Site "BL 0203"]
[Date "2002.10.19"]
[Round "7.1"]
[White "Khenkin, Igor"]
[Black "Prusikin, Mikhajlo"]
[Result "1-0"]
[WhiteElo "2603"]
[BlackElo "2504"]
[PlyCount "65"]
[EventDate "2002.10.19"]

1. d4 Nf6 2. c4 e6 3. Nf3 b6 4. a3 Ba6 5. Qc2 Bb7 6. Nc3 c5 7. e4 cxd4 8. Nxd4
d6 9. Be2 Be7 10. Be3 a6 11. f4 Nc6 12. O-O-O Nd7 13. f5 Nxd4 14. Bxd4 O-O 15.
Kb1 Qc8 16. fxe6 fxe6 17. Bg4 Ne5 18. Bxe5 dxe5 19. Nd5 Bd8 20. Rhf1 Rxf1 21.
Rxf1 Qc6 22. Qf2 Bf6 23. Nxf6+ gxf6 24. Qxf6 Qxe4+ 25. Ka1 Qxg4 26. Qf7+ Kh8
27. Qxb7 Rg8 28. Rf7 Qd1+ 29. Ka2 Qd3 30. Qxa6 Qd4 31. Rc7 Rxg2 32. Qc8+ Rg8
33. Qxe6 1-0

[Event "Forchheim - Tegernsee"]
[Site "BL 0203"]
[Date "2002.10.19"]
[Round "7.2"]
[White "Jansa, Vlastimil"]
[Black "Sokolov, Andrei"]
[Result "1/2-1/2"]
[WhiteElo "2500"]
[BlackElo "2587"]
[PlyCount "49"]
[EventDate "2002.10.19"]

1. e4 c5 2. Nf3 e6 3. d4 cxd4 4. Nxd4 Nf6 5. Nc3 d6 6. g4 h6 7. h4 Be7 8. Qf3
Nc6 9. Bb5 Bd7 10. Bxc6 bxc6 11. g5 hxg5 12. hxg5 Rxh1+ 13. Qxh1 Ng4 14. Qh3
Qb6 15. Qxg4 Qxd4 16. Bd2 Rb8 17. b3 c5 18. Qg3 c4 19. Qe3 Qb6 20. Qxb6 axb6
21. bxc4 Rc8 22. Rb1 Rxc4 23. Rxb6 Bxg5 24. Bxg5 Rxc3 25. Kd2 1/2-1/2

[Event "Forchheim - Tegernsee"]
[Site "BL 0203"]
[Date "2002.10.19"]
[Round "7.5"]
[White "Teske, Henrik"]
[Black "Bartsch, Berthold"]
[Result "1-0"]
[WhiteElo "2527"]
[BlackElo "2320"]
[PlyCount "61"]
[EventDate "2002.10.19"]

1. d4 Nf6 2. Nf3 d5 3. c4 e6 4. Nc3 c6 5. Bg5 Nbd7 6. cxd5 exd5 7. e3 Bd6 8.
Bd3 O-O 9. O-O Re8 10. Qc2 Nf8 11. Rae1 Bg4 12. Ne5 Bxe5 13. dxe5 Rxe5 14. f4
Rxg5 15. fxg5 N6d7 16. h4 g6 17. Be2 Be6 18. Qd2 Ne5 19. Qd4 Nfd7 20. b4 b6 21.
Rd1 a5 22. b5 Rc8 23. bxc6 Nxc6 24. Qd2 h6 25. Nxd5 hxg5 26. Ba6 Rb8 27. Bb5
Nde5 28. Bxc6 Nxc6 29. Nf6+ Kf8 30. Qc3 Qc7 31. Nd7+ 1-0

[Event "Forchheim - Tegernsee"]
[Site "BL 0203"]
[Date "2002.10.19"]
[Round "7.6"]
[White "Zwanzger, Johannes"]
[Black "Hertneck, Gerald"]
[Result "1/2-1/2"]
[WhiteElo "2268"]
[BlackElo "2502"]
[PlyCount "37"]
[EventDate "2002.10.19"]

1. e4 e6 2. d4 d5 3. Nd2 Nf6 4. e5 Nfd7 5. Bd3 c5 6. c3 Nc6 7. Ne2 cxd4 8. cxd4
f6 9. exf6 Qxf6 10. Nf3 h6 11. O-O Bd6 12. Ng3 O-O 13. Bc2 Rd8 14. Re1 Nf8 15.
Ne5 Qh4 16. Nf3 Qf6 17. Ne5 Qh4 18. Nf3 Qf6 19. Ne5 1/2-1/2

[Event "Forchheim - Tegernsee"]
[Site "BL 0203"]
[Date "2002.10.19"]
[Round "7.7"]
[White "Stangl, Markus"]
[Black "Niedermaier, Hans"]
[Result "1-0"]
[WhiteElo "2494"]
[BlackElo "2271"]
[PlyCount "43"]
[EventDate "2002.10.19"]

1. Nf3 Nf6 2. c4 g6 3. g3 Bg7 4. Bg2 O-O 5. d4 c6 6. Nc3 d5 7. Qb3 Qb6 8. O-O
Be6 9. cxd5 Qxb3 10. axb3 Nxd5 11. e4 Nb4 12. d5 cxd5 13. Ng5 d4 14. Nxe6 dxc3
15. Nxg7 Kxg7 16. bxc3 N4c6 17. e5 Nd7 18. f4 Nc5 19. Ra3 Rfd8 20. b4 Nd3 21.
b5 Nxc1 22. Rxc1 1-0

[Event "Forchheim - Tegernsee"]
[Site "BL 0203"]
[Date "2002.10.19"]
[Round "7.8"]
[White "Doeres, Hans-Juergen"]
[Black "Kachiani-Gersinska, K."]
[Result "0-1"]
[WhiteElo "2271"]
[BlackElo "2439"]
[PlyCount "40"]
[EventDate "2002.10.19"]

1. g3 g6 2. Bg2 Bg7 3. e4 c6 4. d4 Na6 5. c3 Nc7 6. Nf3 d5 7. e5 Bf5 8. Nh4 Bd7
9. h3 Qc8 10. Be3 h5 11. f4 Nh6 12. Bf2 Nf5 13. Nf3 h4 14. g4 Ng3 15. Rg1 Ne6
16. Qc1 Ne4 17. Bxh4 c5 18. f5 gxf5 19. Qe3 cxd4 20. cxd4 f4 0-1

[Event "Kreuzberg - Neukoelln"]
[Site "BL 0203"]
[Date "2002.11.15"]
[Round "7.2"]
[White "Nisipeanu, Liviu-Dieter"]
[Black "Slobodjan, Roman"]
[Result "1/2-1/2"]
[WhiteElo "2613"]
[BlackElo "2521"]
[PlyCount "71"]
[EventDate "2002.??.??"]

1. e4 e5 2. Nf3 Nc6 3. Bb5 a6 4. Ba4 f5 5. d4 fxe4 6. Nxe5 Nf6 7. Bb3 d5 8. Nc3
Bb4 9. O-O O-O 10. Bg5 Bxc3 11. bxc3 Na5 12. c4 c6 13. f4 exf3 14. Qxf3 dxc4
15. Nxc4 Nxb3 16. axb3 Qxd4+ 17. Be3 Qg4 18. Nb6 Qxf3 19. Rxf3 Bg4 20. Rxf6
gxf6 21. Nxa8 Rxa8 22. Rf1 Kg7 23. Bd4 Rf8 24. b4 Kg6 25. Re1 Kf7 26. Bc5 Re8
27. Rxe8 Kxe8 28. Kf2 Kd7 29. Ke3 Ke6 30. Kd4 Bd1 31. c3 Bb3 32. Bb6 Bd5 33. g3
Kf5 34. Bd8 b5 35. h4 h5 36. Be7 1/2-1/2

[Event "Kreuzberg - Neukoelln"]
[Site "BL 0203"]
[Date "2002.11.15"]
[Round "7.3"]
[White "Stohl, Igor Dr"]
[Black "Tischbierek, Raj"]
[Result "1-0"]
[WhiteElo "2547"]
[BlackElo "2523"]
[PlyCount "49"]
[EventDate "2002.??.??"]

1. d4 d5 2. c4 c6 3. Nc3 e5 4. e3 exd4 5. Qxd4 Nf6 6. Nf3 Be7 7. cxd5 cxd5 8.
Be2 Nc6 9. Qd3 O-O 10. O-O Be6 11. b3 Qa5 12. Bb2 Rad8 13. Rfd1 Rfe8 14. Rac1
a6 15. Qb1 Bd6 16. Ng5 d4 17. Nxe6 Rxe6 18. exd4 Bf4 19. d5 Nxd5 20. Nxd5 Bxc1
21. Bc3 Qxd5 22. Rxd5 Rxd5 23. Bf3 Rc5 24. Qxc1 Nd4 25. Qd2 1-0

[Event "Kreuzberg - Neukoelln"]
[Site "BL 0203"]
[Date "2002.11.15"]
[Round "7.4"]
[White "Lau, Ralf"]
[Black "Berndt, Stephan"]
[Result "1/2-1/2"]
[WhiteElo "2491"]
[BlackElo "2482"]
[PlyCount "54"]
[EventDate "2002.??.??"]

1. d4 d5 2. Nf3 Nf6 3. g3 g6 4. Bg2 Bg7 5. O-O O-O 6. b3 c5 7. e3 Nc6 8. Bb2
Ne4 9. h3 Bf5 10. Qe2 Qc7 11. c4 dxc4 12. bxc4 Na5 13. Na3 Nd6 14. Rac1 Qb6 15.
Ne5 Rad8 16. Rfd1 Bxe5 17. dxe5 Ndxc4 18. Nxc4 Nxc4 19. Rxc4 Rxd1+ 20. Qxd1
Qxb2 21. Rxc5 Qxa2 22. Rc7 b5 23. Rxe7 a6 24. Qd6 Qa1+ 25. Kh2 Qa2 26. Kg1 Qa1+
27. Kh2 Qa2 1/2-1/2

[Event "Kreuzberg - Neukoelln"]
[Site "BL 0203"]
[Date "2002.11.15"]
[Round "7.6"]
[White "Kalinitschew, Sergey"]
[Black "Borriss, Martin Dr"]
[Result "1-0"]
[WhiteElo "2485"]
[BlackElo "2442"]
[PlyCount "95"]
[EventDate "2002.??.??"]

1. d4 Nf6 2. Nf3 g6 3. g3 Bg7 4. Bg2 O-O 5. O-O d6 6. c4 Nbd7 7. Nc3 e5 8. h3
a6 9. b3 Re8 10. e4 b5 11. dxe5 dxe5 12. cxb5 axb5 13. Bg5 c6 14. Qc2 Qe7 15.
Rfd1 Nc5 16. Be3 Nfd7 17. a4 Bb7 18. axb5 Rxa1 19. Rxa1 cxb5 20. Ra7 Ra8 21.
Rxa8+ Bxa8 22. Nd2 b4 23. Na2 Bf8 24. Bf1 Nf6 25. f3 Ne6 26. Ba6 Qd8 27. Qc8
Qa5 28. Nc1 Nc7 29. Bc4 Bc6 30. Nd3 Nfe8 31. Qd8 Kg7 32. Qg5 Nf6 33. Qxe5 Qxe5
34. Nxe5 Be8 35. Bd4 Ne6 36. Bxe6 fxe6 37. Ng4 Be7 38. Kf2 Kf7 39. Nxf6 Bxf6
40. Bxf6 Kxf6 41. Ke3 e5 42. Nc4 Bf7 43. Kd3 h5 44. h4 Ke6 45. Kc2 Be8 46. Nb2
Bb5 47. Nd3 Kd6 48. Kd2 1-0

[Event "Kreuzberg - Neukoelln"]
[Site "BL 0203"]
[Date "2002.11.15"]
[Round "7.7"]
[White "Poldauf, Dirk"]
[Black "Muse, Drazen"]
[Result "0-1"]
[WhiteElo "2410"]
[BlackElo "2442"]
[PlyCount "68"]
[EventDate "2002.??.??"]

1. c4 g6 2. Nc3 Bg7 3. g3 d6 4. Bg2 Nc6 5. d3 Bd7 6. e4 Nf6 7. Nge2 Qc8 8. h3
O-O 9. Be3 a6 10. Qd2 Re8 11. g4 b5 12. Ng3 bxc4 13. dxc4 Ne5 14. b3 c5 15. Rd1
Nc6 16. g5 Nh5 17. Nxh5 gxh5 18. Nd5 Rb8 19. Qe2 h4 20. Qh5 a5 21. Qxh4 a4 22.
Nf6+ exf6 23. gxf6 Bf8 24. Bh6 Kh8 25. Rd5 Ne5 26. f4 Bxh6 27. Qxh6 Rg8 28. Kf2
Rg6 29. Qh4 Qg8 30. Rh2 axb3 31. axb3 Rxb3 32. fxe5 Rb2+ 33. Ke3 Rg3+ 34. Bf3
Rxh2 0-1

[Event "Kreuzberg - Neukoelln"]
[Site "BL 0203"]
[Date "2002.11.15"]
[Round "7.8"]
[White "Loeffler, Stefan"]
[Black "Thiede, Lars"]
[Result "1/2-1/2"]
[WhiteElo "2398"]
[BlackElo "2416"]
[PlyCount "84"]
[EventDate "2002.??.??"]

1. d4 Nf6 2. c4 g6 3. f3 c5 4. d5 d6 5. e4 Bg7 6. Ne2 e6 7. Nec3 O-O 8. Bg5 h6
9. Be3 Na6 10. Qd2 Kh7 11. Na3 exd5 12. cxd5 Nc7 13. Nc2 Bd7 14. a4 a6 15. b4
cxb4 16. Nxb4 Nh5 17. Rc1 f5 18. Bd3 Be5 19. Ne2 Rc8 20. exf5 gxf5 21. g4 a5
22. Na2 Nf6 23. gxf5 Nfxd5 24. f6+ Kh8 25. Bxh6 Qxf6 26. Rc4 Qxf3 27. Rg1 Qf2+
28. Kd1 Ne6 29. Bxf8 Nef4 30. Rxc8 Bxc8 31. Bxd6 Ne3+ 32. Kc1 Nxe2+ 33. Qxe2
Qxg1+ 34. Kd2 Bxd6 35. Qh5+ Kg7 36. Qh7+ Kf6 37. Qh8+ Ke7 38. Qxc8 Qf2+ 39. Be2
Nf1+ 40. Kd1 Ne3+ 41. Kd2 Nf1+ 42. Kd1 Ne3+ 1/2-1/2

[Event "Hamburg - Luebeck"]
[Site "BL 0203"]
[Date "2002.11.15"]
[Round "7.1"]
[White "Epishin, Vladimir"]
[Black "Dorfman, Jossif D"]
[Result "1/2-1/2"]
[WhiteElo "2628"]
[BlackElo "2617"]
[PlyCount "35"]
[EventDate "2002.??.??"]

1. d4 d5 2. c4 c6 3. Nf3 Nf6 4. e3 a6 5. a4 e6 6. Bd3 c5 7. O-O Nc6 8. Nc3 Be7
9. Re1 O-O 10. b3 b6 11. cxd5 exd5 12. Ne5 Bb7 13. Bb2 Nb4 14. Be2 cxd4 15.
exd4 Rc8 16. Bf3 Bd6 17. Rc1 Re8 18. Ba3 1/2-1/2

[Event "Hamburg - Luebeck"]
[Site "BL 0203"]
[Date "2002.11.15"]
[Round "7.2"]
[White "Ftacnik, Lubomir"]
[Black "Fressinet, Laurent"]
[Result "1/2-1/2"]
[WhiteElo "2603"]
[BlackElo "2619"]
[PlyCount "79"]
[EventDate "2002.??.??"]

1. d4 d5 2. c4 c6 3. Nc3 Nf6 4. e3 a6 5. Qc2 g6 6. Bd3 Bg7 7. Nf3 O-O 8. O-O
Bg4 9. Ne5 Be6 10. Bd2 dxc4 11. Nxc4 b5 12. Ne5 c5 13. dxc5 Qc7 14. Nf3 Qxc5
15. Nd4 Bd7 16. Rfc1 Nc6 17. Nxc6 Bxc6 18. Ne2 Qxc2 19. Rxc2 Rfd8 20. Rxc6 Rxd3
21. Bc3 Nd5 22. Bxg7 Kxg7 23. Nd4 Rd2 24. Rc2 Rxc2 25. Nxc2 Rc8 26. Ne1 Nb6 27.
b3 Nd5 28. Kf1 Nc3 29. a4 Ne4 30. axb5 axb5 31. Rd1 Rc3 32. Rd4 f5 33. f3 Nc5
34. b4 Ne6 35. Rd7 Kf6 36. Rb7 Nc7 37. Ke2 Rc4 38. Kd2 Nd5 39. Rxb5 Nxb4 40.
Ra5 1/2-1/2

[Event "Hamburg - Luebeck"]
[Site "BL 0203"]
[Date "2002.11.15"]
[Round "7.5"]
[White "Hansen, Lars Bo"]
[Black "Wahls, Matthias"]
[Result "1/2-1/2"]
[WhiteElo "2574"]
[BlackElo "2539"]
[PlyCount "30"]
[EventDate "2002.??.??"]

1. d4 Nf6 2. c4 e6 3. g3 Bb4+ 4. Bd2 c5 5. Bxb4 cxb4 6. Bg2 O-O 7. Nh3 d6 8.
Nf4 a5 9. a3 Qb6 10. O-O Na6 11. axb4 Nxb4 12. Nc3 Bd7 13. e3 Rfc8 14. Qe2 Bc6
15. Rfd1 Bxg2 1/2-1/2

[Event "Hamburg - Luebeck"]
[Site "BL 0203"]
[Date "2002.11.15"]
[Round "7.6"]
[White "Mueller, Karsten"]
[Black "Conquest, Stuart"]
[Result "1/2-1/2"]
[WhiteElo "2518"]
[BlackElo "2537"]
[PlyCount "86"]
[EventDate "2002.??.??"]

1. e4 Nf6 2. e5 Nd5 3. d4 d6 4. Nf3 dxe5 5. Nxe5 c6 6. Bc4 Nd7 7. Nf3 N7b6 8.
Bb3 Bg4 9. h3 Bxf3 10. Qxf3 e6 11. O-O Be7 12. c4 Nf6 13. Be3 O-O 14. Nc3 Nbd7
15. Rfd1 Bd6 16. Bc2 Rc8 17. Rac1 a6 18. a3 Re8 19. g4 Nf8 20. g5 N6d7 21. Ne4
Bb8 22. h4 Ng6 23. h5 Nh4 24. Qg4 Nf5 25. Bf4 Bxf4 26. Qxf4 Qc7 27. Qg4 c5 28.
d5 Ne5 29. Qh3 Nxc4 30. dxe6 fxe6 31. Bb3 b5 32. Bxc4 bxc4 33. Rxc4 Red8 34.
Rdc1 Qe5 35. Qc3 Nd4 36. Qe3 Qf5 37. Rxc5 Rxc5 38. Rxc5 Nf3+ 39. Kg2 Qg4+ 40.
Ng3 Nh4+ 41. Kh2 Nf3+ 42. Kg2 Nh4+ 43. Kh2 Nf3+ 1/2-1/2

[Event "Hamburg - Luebeck"]
[Site "BL 0203"]
[Date "2002.11.15"]
[Round "7.7"]
[White "Hector, Jonny"]
[Black "Heinemann, Thies"]
[Result "1-0"]
[WhiteElo "2590"]
[BlackElo "2437"]
[PlyCount "81"]
[EventDate "2002.??.??"]

1. e4 c5 2. Nf3 d6 3. d4 cxd4 4. Nxd4 Nf6 5. Nc3 a6 6. Bg5 Nc6 7. Bxf6 gxf6 8.
Be2 Qb6 9. Nb3 f5 10. Qd3 Nb4 11. Qd2 Bd7 12. exf5 O-O-O 13. O-O Rg8 14. a3 Nc6
15. Nd5 Qa7 16. Bd3 h5 17. Rfe1 Re8 18. a4 Bg7 19. a5 Bxb2 20. Nb6+ Kc7 21.
Rab1 Be5 22. Bc4 Bxf5 23. Bxf7 Ref8 24. Bxg8 Rxg8 25. Rxe5 Nxe5 26. Nd4 Bd7 27.
Qh6 Nc6 28. Ne6+ Bxe6 29. Qxe6 Rd8 30. h4 Kb8 31. g4 hxg4 32. h5 Nxa5 33. h6
Nc6 34. h7 g3 35. Qg8 gxf2+ 36. Kf1 a5 37. Qxd8+ Nxd8 38. h8=Q Qa6+ 39. c4 Kc7
40. Qe8 Nc6 41. Nd5# 1-0

[Event "Hamburg - Luebeck"]
[Site "BL 0203"]
[Date "2002.11.15"]
[Round "7.8"]
[White "Reeh, Oliver"]
[Black "Agdestein, Simen"]
[Result "1/2-1/2"]
[WhiteElo "2423"]
[BlackElo "2578"]
[PlyCount "94"]
[EventDate "2002.??.??"]

1. e4 c5 2. Nf3 Nc6 3. Bb5 e6 4. Bxc6 bxc6 5. O-O Ne7 6. d3 Ng6 7. Ng5 h6 8.
Nh3 d5 9. f4 Be7 10. Qh5 c4 11. dxc4 dxe4 12. Be3 Bf6 13. Nc3 Bd4 14. Rae1 O-O
15. Nxe4 Qb6 16. Bxd4 Qxd4+ 17. Rf2 Qxc4 18. b3 Qb5 19. Qc5 Rd8 20. c4 Qb6 21.
g3 f5 22. Qxb6 axb6 23. Nc3 c5 24. Rfe2 Kf7 25. Nf2 Ne7 26. Re3 g5 27. Nd3 Nc6
28. fxg5 hxg5 29. g4 fxg4 30. Ne5+ Nxe5 31. Rxe5 Kf6 32. R5e2 Rd3 33. Ne4+ Kg6
34. Rf1 Rf3 35. Rd1 Rf8 36. Rd6 Rb8 37. Nc3 Rb7 38. Na4 Rbf7 39. Nxb6 Rf1+ 40.
Kg2 Bb7+ 41. Nd5 Kh5 42. Rdxe6 Rd1 43. Re1 Rxd5 44. cxd5 Bxd5+ 45. Kg1 Bxe6 46.
Rxe6 Rf3 47. Kg2 Rc3 1/2-1/2